Cieľové skupiny rovesníckej mediácie identifikácia rizikových skupín žiakov v školskom prostredí
Implementácia programu rovesníckej mediácie a znalosť vnútorných podmienok konkrétnej školy, ktorých súčasťou je aj identifikácia rizikových skupín žiakov z hľadiska možných zdrojov konfliktov. Príprava tréningových aktivít pre rovesníckych mediátorov.
Gespeichert in:
| 1. Verfasser: | |
|---|---|
| Format: | Buchkapitel |
| Sprache: | Slowakisch |
| Schlagworte: | |
| Tags: |
Keine Tags, Fügen Sie das erste Tag hinzu!
|
MARC
| LEADER | 00000naa a2200000 4500 | ||
|---|---|---|---|
| 001 | 0151454 | ||
| 005 | 20231127102612.9 | ||
| 041 | 0 | |a slo | |
| 044 | |a SK | ||
| 245 | 1 | 0 | |a Cieľové skupiny rovesníckej mediácie |b identifikácia rizikových skupín žiakov v školskom prostredí |c Dušana Bieleszová |
| 520 | |a Implementácia programu rovesníckej mediácie a znalosť vnútorných podmienok konkrétnej školy, ktorých súčasťou je aj identifikácia rizikových skupín žiakov z hľadiska možných zdrojov konfliktov. Príprava tréningových aktivít pre rovesníckych mediátorov. | ||
| 610 | 2 | 0 | |a školy |
| 610 | 2 | 0 | |a sústava výchovno-vzdelávacia |
| 610 | 2 | 0 | |a správanie sociálne |
| 610 | 2 | 0 | |a psychológia pedagogická |
| 610 | 2 | 0 | |a mediácia |
| 610 | 2 | 0 | |a konflikty |
| 610 | 2 | 0 | |a študenti |
| 100 | 1 | |a Bieleszová, Dušana | |